| 000 | 01090cam a22003375i 4500 | ||
|---|---|---|---|
| 001 | 15719559 | ||
| 003 | EG-ScBUE | ||
| 005 | 20230220055432.0 | ||
| 008 | 090430t2009 nyua f 001 0 eng d | ||
| 020 | _a9780071601665 | ||
| 020 | _a007160166X | ||
| 040 |
_aDLC _beng _erda _cDLC _dYDX _dBTCTA _dBAKER _dUKM _dYDXCP _dMLY _dORX _dVP@ _dDLC _dEG-ScBUE |
||
| 082 | 0 | 4 |
_a775 _bDIC _222 |
| 100 | 1 |
_aDickman, Jay, _eauthor. _938275 |
|
| 245 | 1 | 0 |
_aPerfect digital photography / _cJay Dickman, Jay Kinghorn. |
| 250 | _aSecond edition. | ||
| 264 | 1 |
_aNew York : _bMcGraw-Hill, _c[2009] |
|
| 264 | 4 | _cc2009 | |
| 300 |
_axix, 508 pages : _billustrations (chiefly color) ; _c26 cm |
||
| 336 |
_2rdacontent _atext _btxt |
||
| 337 |
_2rdamedia _aunmediated _bn |
||
| 338 |
_2rdacarrier _avolume _bnc |
||
| 500 | _aIncludes index. | ||
| 500 | _aBrilliant pixels from the digital darkroom. | ||
| 650 | 7 |
_aPhotography _xDigital techniques. _2BUEsh _937027 |
|
| 651 | _2BUEsh | ||
| 653 |
_bCOMAME _cAugust2015 |
||
| 655 | _vReading book | ||
| 700 | 1 |
_aKinghorn, Jay, _eauthor. |
|
| 942 |
_2ddc _k775 DIC _cBB |
||
| 999 |
_c20418 _d20390 |
||